|
|
|
|
| LEADER |
00000nab a2200000 a 4500 |
| 001 |
vtls000375086 |
| 003 |
SK-MaSNL |
| 005 |
20260303160436.0 |
| 008 |
230223c1988 xo 0 slo |
| 015 |
|
|
|a SNBRA19rr/mm-uuuuu
|
| 035 |
|
|
|a CL0375208
|
| 035 |
|
|
|a urn:nbn:sk:snk-abaavu
|
| 035 |
|
|
|a (urnnbn)urn:nbn:sk:snk:ar-a09nbd
|
| 035 |
|
|
|a (uuid)4b1ffef9-6a60-4961-a5b2-04d3b8752995
|
| 040 |
|
|
|a SNKBUCL
|b slo
|c SNKBUCL
|e AACR2
|
| 041 |
0 |
|
|a slo
|
| 044 |
|
|
|a xo
|c SK
|
| 080 |
|
|
|a 582.32:581.9
|2 1981
|
| 080 |
|
|
|a 581.9
|2 1981
|
| 100 |
1 |
|
|a Peciar, Vojtech,
|d 1929-
|4 aut
|9 207488
|
| 245 |
1 |
0 |
|a Bryoflóra Levoče v diele Viktora Greschika
|c V. Peciar
|
| 300 |
|
|
|b Fot. 2. Res. rus., nem.
|
| 600 |
1 |
7 |
|a Gerschik, Viktor,
|d 1862-1946
|2 snkbucl
|9 1021540
|
| 650 |
0 |
7 |
|a bryoflóra
|2 snkbucl
|9 834735
|
| 651 |
|
7 |
|a Levoča (Slovensko)
|2 snkbucl
|9 26696
|
| 655 |
|
7 |
|a články zo zborníkov
|2 snkbucl
|9 166140
|
| 773 |
0 |
|
|t Acta Facultatis rerum naturalium Universitatis Comenianae. Botanica 36
|d Bratislava : SPN, 1988
|g S. 5-26
|
| 850 |
|
|
|a Slovenská národná knižnica v Martine
|a MTA001
|
| 852 |
|
|
|a SNK
|b KIS3GCP
|
| 954 |
|
|
|a odborná, vedecká literatúra pôvodná (slovenská)
|2 lita
|
| 958 |
|
|
|a RK
|
| 958 |
|
|
|a OND
|
| 958 |
|
|
|a EUIPO
|
| 958 |
|
|
|a article13
|
| 992 |
|
|
|a RZB
|
| 999 |
|
|
|c 2046264
|d 2048194
|